[Event "Coria del Rio op 13th"]
[Site "Coria del Rio"]
[Date "2007.02.25"]
[Round "5"]
[White "Perez Bello, Carlos"]
[Black "Teran Alvarez, Ismael"]
[Result "0-1"]
[WhiteElo "1968"]
[BlackElo "2417"]
[PlyCount "38"]
[EventDate "2007.02.20"]
[EventType "swiss"]
[EventRounds "9"]
[EventCountry "ESP"]
[SourceTitle "CBM 117 Extra"]
[Source "ChessBase"]
[SourceDate "2007.05.09"]
[SourceVersion "1"]
[SourceVersionDate "2007.05.09"]
[SourceQuality "1"]

1. d4 Nf6 2. Nf3 c5 3. c3 Qc7 4. g3 g6 5. Bg2 Bg7 6. 0-0 0-0 7. e3 b6 8. Nbd2 Bb7 9. Re1 Nc6 10. dxc5 bxc5 11. e4 d6 12. h3 Rab8 13. Qe2 Nd7 14. Rb1 Qa5 15. a3 Ba6 16. c4 Nde5 17. Nxe5 Nxe5 18. f4 Nxc4 19. Nxc4 Bxc4 0-1

[Event "Coria del Rio op 13th"]
[Site "Coria del Rio"]
[Date "2007.02.24"]
[Round "4"]
[White "Martin Vazquez, Jose Miguel"]
[Black "Perez Bello, Carlos"]
[Result "1/2-1/2"]
[WhiteElo "2167"]
[BlackElo "1968"]
[PlyCount "140"]
[EventDate "2007.02.20"]
[EventType "swiss"]
[EventRounds "9"]
[EventCountry "ESP"]
[SourceTitle "CBM 117 Extra"]
[Source "ChessBase"]
[SourceDate "2007.05.09"]
[SourceVersion "1"]
[SourceVersionDate "2007.05.09"]
[SourceQuality "1"]

1. d4 d5 2. c4 c6 3. Nf3 Nf6 4. Nc3 e6 5. e3 Be7 6. b3 dxc4 7. bxc4 Bb4 8. Bd2 0-0 9. Be2 c5 10. a3 Bxc3 11. Bxc3 Nc6 12. Qc2 Re8 13. 0-0 Qe7 14. Rfd1 cxd4 15. exd4 e5 16. d5 e4 17. dxc6 exf3 18. Bxf3 Qc7 19. Bxf6 gxf6 20. Qb2 bxc6 21. Qxf6 Be6 22. Rd4 Rad8 23. Rh4 Qe7 24. Qxe7 Rxe7 25. Bxc6 Rc7 26. Bb5 Rd6 27. Rc1 a6 28. Ba4 Rd3 29. c5 Rxa3 30. c6 Kf8 31. h3 h6 32. Bd1 Kg7 33. Ra4 Ra2 34. Rxa2 Bxa2 35. Be2 Bd5 36. Rc5 Be4 37. Rc4 Bd5 38. Rd4 Bxc6 39. Rc4 Re7 40. Rxc6 Rxe2 41. Rxa6 Rb2 42. h4 Rb5 43. g3 h5 44. Kg2 f6 45. Ra4 Kg6 46. g4 hxg4 47. Rxg4+ Kf7 48. Re4 Kg6 49. Kg3 Ra5 50. Rg4+ Kf7 51. Rb4 Kg6 52. Kg4 Rc5 53. Rb6 Ra5 54. Rb8 Ra4+ 55. Kg3 Ra5 56. Rb3 Kh5 57. Rb8 Kg6 58. Kg4 Ra4+ 59. f4 f5+ 60. Kf3 Ra3+ 61. Ke2 Kh5 62. Rg8 Kxh4 63. Rg5 Rb3 64. Rxf5 Kg4 65. Rf8 Rb2+ 66. Ke3 Rb3+ 67. Ke4 Rb4+ 68. Ke5 Rb5+ 69. Ke6 Rb6+ 70. Kd7 Rb5 1/2-1/2

[Event "Seville Mercantil op 2nd"]
[Site "Seville"]
[Date "2006.01.21"]
[Round "2"]
[White "Perez Bello, Carlos"]
[Black "Khamrakulov, Ibragim S"]
[Result "0-1"]
[WhiteElo "2009"]
[BlackElo "2499"]
[PlyCount "54"]
[EventDate "2006.01.20"]
[EventType "swiss"]
[EventRounds "9"]
[EventCountry "ESP"]
[SourceTitle "CBM 110 Extra"]
[Source "ChessBase"]
[SourceDate "2006.03.10"]
[SourceVersion "2"]
[SourceVersionDate "2006.03.10"]
[SourceQuality "1"]

1. d4 Nf6 2. Nf3 g6 3. Bf4 Bg7 4. e3 d6 5. h3 Nbd7 6. c4 c5 7. Nc3 cxd4 8. exd4 0-0 9. Be2 Nh5 10. Be3 Nhf6 11. 0-0 Re8 12. Qc2 Nb6 13. Nd2 Bd7 14. Rac1 Rc8 15. b3 a5 16. Rfd1 Na8 17. Qb1 Nc7 18. Bd3 Rb8 19. Qc2 Qc8 20. Nde4 Nh5 21. c5 d5 22. Ng5 e5 23. dxe5 Bxe5 24. Nf3 Bf4 25. Bd4 Ne6 26. Be5 Bxe5 27. Nxe5 Nd4 0-1